00447 a2200157 4500010001400000020002200014035001300036037001500049082001200064100001500076245003700091260003700128270007200165300002000237490003200257 aENG-86759 c25.00a8126022329 aEN-70292 bDBAD / PUB14a883.092 aAmur, G.S.1 aShantinath Desai /cby G.S. Amur aNew DelhibSahitya Akademic2006 aRabindra Bhavan, 35 Ferozeshah Road,bNew Delhie110 001cKarnataka a87pc22cm (pbk) aMakers of Indian literature